How to design, write, and present a successful dissertation proposal (Record no. 45798)

MARC details
000 -LEADER
fixed length control field 00715nam a2200181 a 4500
008 - FIXED-LENGTH DATA ELEMENTS--GENERAL INFORMATION
fixed length control field 150521s2014 ||||||||||||||||| || u
020 ## - INTERNATIONAL STANDARD BOOK NUMBER
International Standard Book Number 9781452257884
050 ## - LIBRARY OF CONGRESS CALL NUMBER
Classification number LB 2369 Wen
100 ## - MAIN ENTRY--PERSONAL NAME
Personal name Wentz, Elizabeth A
245 10 - TITLE STATEMENT
Title How to design, write, and present a successful dissertation proposal
Statement of responsibility, etc. By Elizabeth A. Wentz
260 ## - PUBLICATION, DISTRIBUTION, ETC.
Place of publication, distribution, etc. Los Angeles
Name of publisher, distributor, etc. SAGE Publications
Date of publication, distribution, etc. 2014
300 ## - PHYSICAL DESCRIPTION
Extent xviii, 213p.: ill.
350 ## - PRICE (NR) (BK AM CF MU VM SE) [OBSOLETE]
Price 39.00
650 ## - SUBJECT ADDED ENTRY--TOPICAL TERM
Topical term or geographic name entry element DISSERTATIONS, ACADEMIC--UNITED STATES
650 #0 - SUBJECT ADDED ENTRY--TOPICAL TERM
Topical term or geographic name entry element REPORT WRITING
650 ## - SUBJECT ADDED ENTRY--TOPICAL TERM
Topical term or geographic name entry element RESEARCH -- UNITED STATES
995 ## - RECOMMENDATION 995 [LOCAL, UNIMARC FRANCE]
-- CBU-MAIN LIBRARY (Kitwe)
-- 39.00
-- 1
-- AVAILABLE
-- May 26, 2015
-- Main Library Open Access Collection
Holdings
Withdrawn status Lost status Source of classification or shelving scheme Damaged status Not for loan Home library Current library Shelving location Date acquired Total Checkouts Full call number Barcode Date due Date last seen Date last checked out Price effective from Koha item type
          CBU-MAIN LIBRARY, KITWE. CBU-MAIN LIBRARY, KITWE.   11/30/2022 1 LB 2369 Wen 745496 05/08/2026 03/06/2026 03/06/2026 11/30/2022 MONOGRAPH